Normal view
MARC view
Entry Personal Name
001 - CONTROL NUMBER
- control field: 19866
003 - CONTROL NUMBER IDENTIFIER
- control field: ARRUPE
005 - DATE AND TIME OF LATEST TRANSACTION
- control field: 20150914101323.0
008 - FIXED-LENGTH DATA ELEMENTS
- fixed length control field: 150914|| aca||aabn | a|a d
040 ## - CATALOGING SOURCE
- Original cataloging agency: ARRUPE
- Transcribing agency: ARRUPE
100 ## - HEADING--PERSONAL NAME
- Personal name: Seifert, Josef,
- Dates associated with a name: 1945-
670 ## - SOURCE DATA FOUND
- Source citation: Work cat.: (ARRUPE)0: Seifert, Josef, 1945-, Back to things in themselves :, 1987.